MARC

LEADER 00000nam a22000007a 4500
005 20190215195419.0
007 cr|||| ||||
008 190215s2014 uz |||||s|||| 00||0 eng d
035 |a 8741 
040 |a vLex 
090 |c 8441  |d 8441 
245 0 0 |a Mondaq Uzbekistan  |h [Recurso electrn̤ico] / 
256 |a Servicio en ln̕ea 
260 |a Taskent:  |b Mondaq,  |c 2014 
300 |a 1 recurso electrn̤ico 
490 0 |a Mondaq Business Briefing 
506 1 |a Disponible solo en los productos indicados  |d vLex Global  |d vLex Global (Academic Edition, excluding Law Schools)  |d vLex Global (U.S. Academic Edition, Law Schools)  |d vLex Global (U.S. Academic Edition, excluding Law Schools)  |d vLex Global (Academic Edition, Law Schools) 
650 0 4 |a Derecho Civil  |z Uzbekistan 
650 0 4 |a Derecho Mercantil y de la Empresa  |z Uzbekistan 
650 0 4 |a Derecho Laboral y Seguridad Social  |z Uzbekistan 
650 0 4 |a Derecho Penal  |z Uzbekistan 
650 0 4 |a Derecho Fiscal  |z Uzbekistan 
650 0 4 |a Derecho Pb︢lico y Administrativo  |z Uzbekistan 
650 0 4 |a Financiero  |z Uzbekistan 
650 0 4 |a Derecho Constitucional  |z Uzbekistan 
740 0 |a vLex Libros (Servicio en ln̕ea) 
856 4 0 |u http://vlex.com/source/8741  |z Acceso restringido 
942 |c BOOK 
999 0 |a Civil Law 
999 0 |a Business and Company Law 
999 0 |a Labor Law and Social Security 
999 0 |a Criminal Law 
999 0 |a Tax Law 
999 0 |a Public and Administrative Law 
999 0 |a Financial 
999 0 |a Constitutional Law